298 sayılı seçimlerin temel hükümleri ve seçmen kütükleri hakkında kanun (Record no. 4112)

MARC details
000 -BAŞLIK
Sabit Uzunlukta Kontrol Alanı 00853na a2200265 4500
001 - KONTROL NUMARASI
Denetim Alanı 16755
003 - KONTROL NUMARASI IDENTIFIER
Denetim Alanı MIRAKIL
005 - SON İŞLEM TARİHİ VE ZAMANI
Denetim Alanı 20181213154953.0
008 - SABİT-BOY VERİ ELEMANLARI - GENEL BİLGİLER
Sabit Uzunlukta Kontrol Alanı 161012b tu 000 0
020 ## - ULUSLARARASI STANDART KİTAP NUMARASI
Uluslararası Standart Kitap Numarası 9789944519922
035 ## - SİSTEM KONTROL NUMARASI
Sistem Kontrol Numarası 16755
040 ## - KATALOGLAMA KAYNAK
Orijinal Kataloglama Ajansı Milas
Kataloglama Dili tur
Metne Dönüştürmek Ajansı TR-AnCHP
041 ## - DİL KODU
Metin / Ses Parça Veya Ayrı Başlığın Dil Kodu tur
082 ## - DEWEY ONLU SINIFLANDIRMA NUMARASI
Sınıflandırma Numarası 342.07026
Ürün Numarası Ü54i 2007
090 ## - SINIFLAMA NUMARASI
Sınıflama Numarası 342.07026 Ü54i 2007
100 ## - ANA GİRİŞ - KİŞİSEL İSİM
Kişisel Ad Ünlü, Ahmet Hamdi
Bir Adıyla İlişkilendirilen Tarihler 1955-
245 ## - BAŞLIK TABLOSU
Başlık 298 sayılı seçimlerin temel hükümleri ve seçmen kütükleri hakkında kanun
Sorumluluk Tablosu, Vb Ahmet Hamdi Ünlü, Hasan Erbil
246 ## - UNVAN FORM VARYING
Başlık Doğru / Kısa Başlığı Seçim mevzuatı ve Yülsek Seçim Kurulu kararları
260 ## - YAYIN, DAĞITIM, VB
Yayın, Dağıtım, Vb Yeri Ankara
Yayıncı, Dağıtıcı, Vs Adı HD Yayıncılık
Yayın, Dağıtım, Vb Tarihi 2007
300 ## - FİZİKSEL TANIM
Kapsam 1248 s.
Boyutlar 24 sm.
650 ## - KONU KATMA GİRİŞ - TOPİKAL DÖNEM
Topikal Süreli Veya Coğrafi Ad Giriş Elemanı Seçimler
Genel Alt Bölümü Hukuk ve mevzuat
Coğrafi Alt Bölümü Türkiye
650 ## - KONU KATMA GİRİŞ - TOPİKAL DÖNEM
Topikal Süreli Veya Coğrafi Ad Giriş Elemanı Anayasa ve İdare hukuku
Genel Alt Bölümü Seçim hukuku
Coğrafi Alt Bölümü Türkiye
700 ## - KATMA GİRİŞ - KİŞİSEL İSİM
Kişisel Ad Erbil, Hasan
942 ## - EKLENDİ GİRİŞ ELEMANLARI (KOHA)
Sınıflandırma Veya Raf Düzeni Kaynak Dewey Decimal Classification
Koha Öğesi Türü Books
999 ## - SİSTEM KONTROL NUMARALARI (KOHA)
Koha Biblionumber 4112
Koha Biblioitemnumber 4112
Holdings
Kalıcı Konum Mevcut Konum Edinme Tarihi Edinim Kaynak Toplam Check-Out'Lar Tam Çağrı Numarası Barkod Tarih Son Görülme İtibaren Geçerli Fiyatlar Koha Öğesi Türü Kopya Sayısı
CHP Kütüphanesi CHP Kütüphanesi 10/12/2016 Bağış   342.07026 Ü54i 2007 005292 10/12/2016 10/12/2016 Books  
CHP Kütüphanesi CHP Kütüphanesi 10/13/2016 Bağış   342.07026 Ü54i 2007 005294 10/13/2016 10/13/2016 Books k.2
CHP Kütüphanesi CHP Kütüphanesi 10/13/2016 Bağış   342.07026 Ü54i 2007 005295 10/13/2016 10/13/2016 Books k.3